Business communication today (Record no. 10454)

MARC details
000 -LEADER
fixed length control field 00608cam a2200229ua 4500
008 - FIXED-LENGTH DATA ELEMENTS--GENERAL INFORMATION
fixed length control field 191014n ii |||gr||||Z||||||eng
020 ## - INTERNATIONAL STANDARD BOOK NUMBER
International Standard Book Number 9789332578753
040 ## - CATALOGING SOURCE
Transcribing agency MAIN
041 ## - LANGUAGE CODE
-- eng
082 ## - DEWEY DECIMAL CLASSIFICATION NUMBER
Classification number 651.7
100 ## - MAIN ENTRY--PERSONAL NAME
Personal name Courtland L Bovee,
Relator term
245 ## - TITLE STATEMENT
Title Business communication today
Statement of responsibility, etc. By Courtland L Bovee and others
250 ## - EDITION STATEMENT
Edition statement 1st imp.
260 ## - PUBLICATION, DISTRIBUTION, ETC.
Place of publication, distribution, etc. Tamil Nadu:
Name of publisher, distributor, etc. Pearson,
Date of publication, distribution, etc. 2017.
300 ## - PHYSICAL DESCRIPTION
Extent 746p.
700 ## - ADDED ENTRY--PERSONAL NAME
Personal name Jhon V Thill,
Relator term
700 ## - ADDED ENTRY--PERSONAL NAME
Personal name Courtland L Bovee,
Relator term
700 ## - ADDED ENTRY--PERSONAL NAME
Personal name Roshan Lal Raina,
Relator term
942 ## - ADDED ENTRY ELEMENTS (KOHA)
Koha item type Books
653 ## - INDEX TERM--UNCONTROLLED
Uncontrolled term Office services
Holdings
Withdrawn status Lost status Damaged status Not for loan Home library Current library Shelving location Date acquired Total Checkouts Full call number Barcode Date last seen Copy number Price effective from Koha item type
        Naharkatiya College Central Library Naharkatiya College Central Library General Stacks 19/09/2020   651.7Business communication | BOV 27018 19/09/2020 1 19/09/2020 Books

Naharkatiya College © 2020. All rights reserved.

Powered By